[Event "FIRST SATURDAY FM JUNE 2014"]
[Site "Budapest"]
[Date "2014.06.12"]
[Round "6.4"]
[White "Letay, Gyula"]
[Black "Berta, Sandor"]
[Result "0-1"]
[WhiteElo "1935"]
[BlackElo "2024"]
[PlyCount "62"]
[EventDate "2014.06.07"]

1. e4 d6 2. d4 Nf6 3. Nc3 g6 4. f3 a6 5. Be3 b5 6. a3 Nbd7 7. Qd2 Bb7 8. g4 c5
9. h4 Qc7 10. h5 Bg7 11. h6 Bf8 12. Nge2 Nb6 13. Ng3 Rc8 14. d5 Nfd7 15. f4 e6
16. dxe6 fxe6 17. O-O-O b4 18. Nb1 Nf6 19. f5 gxf5 20. gxf5 d5 21. Bg5 Be7 22.
Bxf6 Qxg3 23. Bxe7 Kxe7 24. Rh3 Qg4 25. fxe6 Rhf8 26. exd5 Bxd5 27. Re3 Rcd8
28. axb4 Bf3 29. Rd3 Bxd1 30. Bh3 Rxd3 31. Bxg4 Rxd2 0-1

[Event "FIRST SATURDAY FM JUNE 2014"]
[Site "Budapest"]
[Date "2014.06.12"]
[Round "6.5"]
[White "Di Giovanni, Vilmos"]
[Black "Bartha, Sandor"]
[Result "0-1"]
[WhiteElo "1795"]
[BlackElo "2048"]
[PlyCount "80"]
[EventDate "2014.06.07"]

1. d4 d5 2. Nf3 c6 3. Bf4 Qb6 4. Qc1 Bf5 5. e3 e6 6. Ne5 f6 7. Nd3 Nd7 8. Be2
O-O-O 9. Nd2 Re8 10. c4 g5 11. Bg3 h5 12. h4 g4 13. c5 Qd8 14. b4 e5 15. Nb3
Bg7 16. a4 Be4 17. b5 f5 18. Nxe5 Bxe5 19. dxe5 Bxg2 20. Rg1 Be4 21. bxc6 Nxe5
22. cxb7+ Kxb7 23. c6+ Kb8 24. Nc5 Ka8 25. Bxe5 Rxe5 26. Qc3 d4 27. exd4 Re7
28. Nxe4 fxe4 29. Rb1 Nf6 30. Ba6 Nd5 31. Bb7+ Kb8 32. Qg3+ Qc7 33. Qxc7+ Kxc7
34. Rg3 Nf4 35. Rb5 Rd8 36. Rf5 Nd3+ 37. Kf1 Rxd4 38. Rxh5 Rf7 39. Rxg4 Rxa4
40. Rg8 Rxf2+ 0-1

[Event "FIRST SATURDAY FM JUNE 2014"]
[Site "Budapest"]
[Date "2014.06.13"]
[Round "7.1"]
[White "Berta, Sandor"]
[Black "Di Giovanni, Vilmos"]
[Result "1-0"]
[WhiteElo "2024"]
[BlackElo "1795"]
[PlyCount "117"]
[EventDate "2014.06.07"]

1. e4 d5 2. exd5 Nf6 3. Nf3 Bg4 4. h3 Bh5 5. d4 Nxd5 6. c4 Nb6 7. g4 Bg6 8. Ne5
e6 9. Nc3 N8d7 10. Nxg6 hxg6 11. Qe2 c6 12. Bf4 g5 13. Bg3 Nf6 14. Rd1 Be7 15.
Bg2 Qd7 16. O-O O-O 17. Rfe1 Rfe8 18. Bf1 Rad8 19. Qe3 Nh7 20. a3 Nf8 21. Ne4
Nh7 22. Nc3 Nf8 23. b4 f5 24. Bh2 Bf6 25. Be5 Ng6 26. Qf3 Nh4 27. Qe3 f4 28.
Qe4 Bxe5 29. dxe5 Qc7 30. Bd3 Kf7 31. Kh1 Rh8 32. Ne2 Rh6 33. Ng1 Na4 34. Rc1
c5 35. Bf1 Rd4 36. Qc2 Qc6+ 37. Kh2 Nb6 38. b5 Qc7 39. Re4 Rxe4 40. Qxe4 Nd7
41. Re1 Rh8 42. Bg2 b6 43. Nf3 Nxf3+ 44. Bxf3 Nf8 45. Rd1 Ng6 46. Rd6 Re8 47.
Bd1 Re7 48. Bc2 Nf8 49. h4 gxh4 50. Qxf4+ Kg8 51. Kh3 Rd7 52. Kxh4 Rxd6 53.
exd6 Qd8+ 54. g5 Nd7 55. Qe4 Nf8 56. Qc6 Qd7 57. Be4 Kf7 58. Qc7 Ke8 59. Bc6
1-0

[Event "FIRST SATURDAY FM JUNE 2014"]
[Site "Budapest"]
[Date "2014.06.13"]
[Round "7.2"]
[White "Marcu, Simon"]
[Black "Letay, Gyula"]
[Result "1-0"]
[WhiteElo "1859"]
[BlackElo "1935"]
[PlyCount "67"]
[EventDate "2014.06.07"]

1. d4 d5 2. c4 e6 3. e3 c6 4. Nc3 f5 5. Nf3 Nf6 6. Ne5 Bd6 7. f4 O-O 8. Be2 Qe7
9. O-O Kh8 10. Bd2 b6 11. Be1 Ne4 12. Nxe4 Bxe5 13. fxe5 dxe4 14. b4 Bb7 15. c5
Nd7 16. Rc1 Rad8 17. Qa4 a6 18. Qb3 g5 19. a4 Rg8 20. g4 Rdf8 21. gxf5 exf5 22.
e6 f4 23. exd7 Qxd7 24. Rc2 Qh3 25. d5 h6 26. Bd1 fxe3 27. Qc3+ Kh7 28. Rf6
cxd5 29. Bg3 bxc5 30. Qe5 Rxf6 31. Qxf6 d4 32. Be5 Qd7 33. Rg2 Rg6 34. Qh8# 1-0

[Event "FIRST SATURDAY FM JUNE 2014"]
[Site "Budapest"]
[Date "2014.06.13"]
[Round "7.3"]
[White "Steer, Jozsef"]
[Black "Gruz, Janos"]
[Result "1/2-1/2"]
[WhiteElo "1893"]
[BlackElo "1761"]
[PlyCount "35"]
[EventDate "2014.06.07"]

1. e4 d6 2. d4 Nf6 3. Nc3 g6 4. Bc4 Bg7 5. f3 Nbd7 6. Be3 e5 7. Nge2 O-O 8. Qd2
c6 9. Bb3 a5 10. a4 b6 11. O-O Qc7 12. Rfd1 Ba6 13. dxe5 dxe5 14. Qd6 Rfc8 15.
Qxc7 Rxc7 16. Rd6 Rd8 17. Rad1 Bf8 18. R6d2 1/2-1/2

[Event "FIRST SATURDAY FM JUNE 2014"]
[Site "Budapest"]
[Date "2014.06.13"]
[Round "7.4"]
[White "Darazs, Zoltan"]
[Black "Szlenka, Attila"]
[Result "1-0"]
[WhiteElo "2108"]
[BlackElo "1802"]
[PlyCount "53"]
[EventDate "2014.06.07"]

1. e4 g6 2. d4 Bg7 3. Nc3 d6 4. f4 c5 5. d5 a6 6. a4 Nf6 7. Nf3 O-O 8. Bc4 Bg4
9. h3 Bxf3 10. Qxf3 Nbd7 11. O-O Nb6 12. Ba2 Qc7 13. Be3 Nbd7 14. Bc4 Ne8 15.
Qf2 Qa5 16. Qd2 Qb4 17. Qd3 Qxb2 18. e5 Qb6 19. e6 fxe6 20. dxe6 Ndf6 21. Rab1
Qc7 22. g4 b5 23. axb5 axb5 24. Nxb5 Qc6 25. g5 d5 26. gxf6 dxc4 27. f7+ 1-0

[Event "FIRST SATURDAY FM JUNE 2014"]
[Site "Budapest"]
[Date "2014.06.13"]
[Round "7.5"]
[White "Lukacs, Albert"]
[Black "Bacsi, Andras"]
[Result "1/2-1/2"]
[WhiteElo "1943"]
[BlackElo "1791"]
[PlyCount "29"]
[EventDate "2014.06.07"]

1. e4 e5 2. Nf3 Nc6 3. Bb5 a6 4. Bxc6 dxc6 5. O-O f6 6. d4 exd4 7. Nxd4 c5 8.
Nb3 Qxd1 9. Rxd1 Bd7 10. Bf4 O-O-O 11. Nc3 c4 12. Nd4 Bc5 13. Nf5 Bxf5 14. exf5
Ne7 15. g4 1/2-1/2

[Event "FIRST SATURDAY FM JUNE 2014"]
[Site "Budapest"]
[Date "2014.06.14"]
[Round "8.1"]
[White "Letay, Gyula"]
[Black "Steer, Jozsef"]
[Result "1-0"]
[WhiteElo "1935"]
[BlackElo "1893"]
[PlyCount "65"]
[EventDate "2014.06.07"]

1. e4 c6 2. d3 d5 3. Nd2 g6 4. Ngf3 Bg4 5. h3 Bxf3 6. Qxf3 Bg7 7. g3 e6 8. Bg2
Ne7 9. O-O O-O 10. Qe2 Nd7 11. Rb1 Rc8 12. f4 Re8 13. Nf3 c5 14. b3 Nc6 15. Qf2
Nd4 16. Be3 Nxf3+ 17. Qxf3 d4 18. Bd2 b6 19. g4 Qf6 20. g5 Qe7 21. Rbe1 Qd6 22.
h4 Nb8 23. h5 Nc6 24. f5 exf5 25. exf5 Rxe1 26. Rxe1 gxh5 27. f6 Bf8 28. Bf4
Qd7 29. Qxh5 Re8 30. Rxe8 Qxe8 31. Be4 h6 32. gxh6 Qe6 33. h7+ 1-0

[Event "FIRST SATURDAY FM JUNE 2014"]
[Site "Budapest"]
[Date "2014.06.14"]
[Round "8.3"]
[White "Szlenka, Attila"]
[Black "Lukacs, Albert"]
[Result "1/2-1/2"]
[WhiteElo "1802"]
[BlackElo "1943"]
[PlyCount "39"]
[EventDate "2014.06.07"]

1. Nf3 Nf6 2. c4 c6 3. g3 d5 4. cxd5 cxd5 5. Bg2 Nc6 6. O-O e5 7. d3 h6 8. b3
Bd6 9. Bb2 O-O 10. Nbd2 Bg4 11. h3 Be6 12. e4 d4 13. Nc4 Bc7 14. Ba3 Re8 15.
Rc1 Qd7 16. Kh2 b5 17. Ncxe5 Nxe5 18. Nxe5 Bxe5 19. f4 Bg4 20. Qd2 1/2-1/2

[Event "FIRST SATURDAY FM JUNE 2014"]
[Site "Budapest"]
[Date "2014.06.14"]
[Round "8.5"]
[White "Bartha, Sandor"]
[Black "Berta, Sandor"]
[Result "0-1"]
[WhiteElo "2048"]
[BlackElo "2024"]
[PlyCount "122"]
[EventDate "2014.06.07"]

1. c4 g6 2. Nc3 Bg7 3. g3 c5 4. Bg2 Nc6 5. Nf3 Nh6 6. O-O Nf5 7. d3 d6 8. e3 h5
9. h4 O-O 10. Bd2 Rb8 11. Rb1 a6 12. Nd5 e6 13. Nf4 b5 14. b3 Ne5 15. Qc2 Bb7
16. Ng5 Bxg2 17. Kxg2 b4 18. Rbd1 Qb6 19. Bc1 Qb7+ 20. f3 Rbc8 21. Qe2 Rfe8 22.
Ne4 d5 23. Nf2 Nd7 24. Kh3 Kf8 25. g4 hxg4+ 26. fxg4 Nd6 27. e4 dxe4 28. dxe4
Bd4 29. Bb2 e5 30. Nd5 Nb6 31. Nf6 Re6 32. g5 Ke7 33. N2g4 Bxb2 34. Qxb2 Nxe4
35. Qg2 Nd6 36. Nd5+ Kf8 37. Qf2 Nf5 38. Nxb6 Qxb6 39. Ne3 Re7 40. Nxf5 gxf5
41. Qxf5 Qe6 42. Qxe6 Rxe6 43. Kg4 e4 44. Rd7 e3 45. Rdxf7+ Kg8 46. R7f3 e2 47.
Re1 Rd8 48. Rf2 Rd4+ 49. Kg3 Rd2 50. h5 Rxa2 51. Kg4 Rd2 52. Kf5 Re8 53. Kg6
Rd6+ 54. Rf6 Rd1 55. Rxe2 Rxe2 56. h6 Rd8 57. h7+ Kh8 58. Kf7 Rd7+ 59. Kf8 Rxh7
60. g6 Rg7 61. Rf5 Rh2 0-1

[Event "FIRST SATURDAY FM JUNE 2014"]
[Site "Budapest"]
[Date "2014.06.15"]
[Round "9.1"]
[White "Marcu, Simon"]
[Black "Bartha, Sandor"]
[Result "0-1"]
[WhiteElo "1859"]
[BlackElo "2048"]
[PlyCount "76"]
[EventDate "2014.06.07"]

1. d4 Nf6 2. c4 c6 3. Nc3 d5 4. e3 e6 5. Nf3 Be7 6. Bd3 dxc4 7. Bxc4 O-O 8. O-O
Nbd7 9. e4 b5 10. Bd3 b4 11. Na4 h6 12. Be3 Bb7 13. Nc5 Nxc5 14. dxc5 Qa5 15.
Nd2 Rfd8 16. Nb3 Qc7 17. Qe2 a5 18. Rfd1 Nd7 19. Rac1 Bf6 20. f4 a4 21. Na1 Qa5
22. e5 Be7 23. Qf2 Nf8 24. Nc2 Rd7 25. Bc4 Rxd1+ 26. Rxd1 Ba6 27. Bxa6 Rxa6 28.
f5 exf5 29. Qxf5 Bxc5 30. Rd7 Nxd7 31. Qxd7 Ra8 32. Qxc6 Bxe3+ 33. Nxe3 Rf8 34.
Nd5 Qa7+ 35. Kf1 Kh8 36. h3 Qd4 37. Qd6 Rc8 38. Nc7 Qc4+ 0-1

[Event "FIRST SATURDAY FM JUNE 2014"]
[Site "Budapest"]
[Date "2014.06.15"]
[Round "9.2"]
[White "Steer, Jozsef"]
[Black "Di Giovanni, Vilmos"]
[Result "1-0"]
[WhiteElo "1893"]
[BlackElo "1795"]
[PlyCount "79"]
[EventDate "2014.06.07"]

1. e4 d5 2. exd5 Nf6 3. Be2 Nxd5 4. Bf3 c6 5. b3 Bf5 6. Bb2 e6 7. Ne2 Nd7 8. a3
N7f6 9. c4 Nb6 10. d4 Qc7 11. Ng3 Bg6 12. O-O Rd8 13. Re1 Be7 14. Nc3 O-O 15.
Qe2 Qf4 16. Nce4 Nxe4 17. Nxe4 Qc7 18. Rad1 Rd7 19. Nc5 Rdd8 20. g3 Nd7 21. Nd3
Bf6 22. Nf4 Bf5 23. Nh5 Bg6 24. h4 Bxh5 25. Bxh5 g6 26. Bf3 Rfe8 27. Rd2 Nf8
28. Red1 b6 29. Bg2 a5 30. Qf3 Bg7 31. Qxc6 Re7 32. Qxc7 Rxc7 33. d5 exd5 34.
Bxg7 Kxg7 35. Rxd5 Rxd5 36. cxd5 Rd7 37. Rc1 f5 38. Rc6 Rb7 39. d6 Ne6 40. Bd5
1-0

[Event "FIRST SATURDAY FM JUNE 2014"]
[Site "Budapest"]
[Date "2014.06.15"]
[Round "9.3"]
[White "Darazs, Zoltan"]
[Black "Letay, Gyula"]
[Result "1/2-1/2"]
[WhiteElo "2108"]
[BlackElo "1935"]
[PlyCount "33"]
[EventDate "2014.06.07"]

1. e4 e5 2. Nf3 Nc6 3. Bc4 Bc5 4. c3 Nf6 5. d4 exd4 6. cxd4 Bb4+ 7. Nc3 Nxe4 8.
Qb3 O-O 9. O-O Nxc3 10. bxc3 Be7 11. Qb5 a6 12. Qd5 Bf6 13. Ng5 Ne7 14. Qxf7+
Rxf7 15. Nxf7 Qf8 16. Nh6+ Kh8 17. Nf7+ 1/2-1/2

[Event "FIRST SATURDAY FM JUNE 2014"]
[Site "Budapest"]
[Date "2014.06.15"]
[Round "9.5"]
[White "Bacsi, Andras"]
[Black "Szlenka, Attila"]
[Result "1/2-1/2"]
[WhiteElo "1791"]
[BlackElo "1802"]
[PlyCount "59"]
[EventDate "2014.06.07"]

1. b3 Nf6 2. Bb2 c5 3. Nf3 Nc6 4. g3 d6 5. Bg2 e5 6. d3 Be7 7. O-O O-O 8. c4
Bd7 9. h3 h6 10. Nc3 Nh7 11. e3 f5 12. Kh2 g5 13. Nd5 Nf6 14. Nxe7+ Qxe7 15.
Ng1 g4 16. h4 Rad8 17. Qd2 Kh7 18. Rae1 e4 19. d4 Nb4 20. Rd1 Nd3 21. Ne2 Nxb2
22. Qxb2 b6 23. Nf4 b5 24. dxc5 dxc5 25. Nd5 Nxd5 26. cxd5 Qd6 27. Rd2 b4 28.
Rc1 Bb5 29. Bf1 Bxf1 30. Rxf1 1/2-1/2

[Event "FIRST SATURDAY FM JUNE 2014"]
[Site "Budapest"]
[Date "2014.06.16"]
[Round "10.1"]
[White "Gruz, Janos"]
[Black "Bacsi, Andras"]
[Result "0-1"]
[WhiteElo "1761"]
[BlackElo "1791"]
[PlyCount "94"]
[EventDate "2014.06.07"]

1. c4 Nf6 2. Nc3 g6 3. d4 Bg7 4. Nf3 O-O 5. e4 d6 6. h3 c5 7. Be3 cxd4 8. Nxd4
Nc6 9. Be2 Nxd4 10. Bxd4 Be6 11. f3 a6 12. Qd2 Qc7 13. Nd5 Bxd5 14. cxd5 Rfc8
15. O-O Nd7 16. Bxg7 Kxg7 17. Rac1 Qd8 18. f4 Rxc1 19. Rxc1 Rc8 20. Kf1 Rxc1+
21. Qxc1 a5 22. Qc3+ f6 23. b4 axb4 24. Qxb4 Nc5 25. Kf2 Qc7 26. Kf3 h6 27. g4
g5 28. f5 Nd7 29. Kf2 Kf8 30. Qb5 Ke8 31. Bd1 Qc5+ 32. Qxc5 Nxc5 33. Ke3 Kd7
34. Kd4 Kc7 35. Bc2 Kb6 36. Kc4 Ka5 37. a3 b5+ 38. Kc3 Nd7 39. Kd4 Ne5 40. Bd1
b4 41. axb4+ Kxb4 42. Be2 Kb3 43. Bd1+ Kb2 44. Be2 Kc2 45. Ke3 Kc3 46. Bd1 Nd3
47. Ba4 Nf4 0-1

[Event "FIRST SATURDAY FM JUNE 2014"]
[Site "Budapest"]
[Date "2014.06.16"]
[Round "10.2"]
[White "Letay, Gyula"]
[Black "Lukacs, Albert"]
[Result "0-1"]
[WhiteElo "1935"]
[BlackElo "1943"]
[PlyCount "150"]
[EventDate "2014.06.07"]

1. e4 c5 2. Nc3 e6 3. d3 Nc6 4. g3 Nf6 5. Bg2 a6 6. f4 d5 7. e5 d4 8. exf6 dxc3
9. bxc3 Qxf6 10. Bd2 g6 11. Nf3 Bg7 12. O-O O-O 13. Rb1 Qd8 14. Qe2 Ne7 15. Qf2
Qc7 16. Be3 b6 17. Ne5 Nd5 18. Bd2 Rb8 19. c4 Ne7 20. g4 Bb7 21. Rbe1 b5 22.
Be4 bxc4 23. dxc4 Bxe4 24. Rxe4 Nc6 25. Bc3 Nxe5 26. Bxe5 Qc6 27. Rfe1 Rb1 28.
R4e3 Bxe5 29. fxe5 Rxe1+ 30. Rxe1 Qa4 31. Qxc5 Qxc2 32. Qc7 Qc3 33. Re4 Qa1+
34. Kf2 Qxa2+ 35. Re2 Qa4 36. Rd2 Qe8 37. c5 Qa4 38. h3 f6 39. Rd8 Qf4+ 40. Ke2
Qxe5+ 41. Qxe5 fxe5 42. Rd6 Rc8 43. Rxe6 Rxc5 44. Rxa6 Rc3 45. Re6 Rxh3 46.
Rxe5 Kf7 47. Kf2 Kf6 48. Ra5 h6 49. Kg2 Re3 50. Rb5 Re5 51. Rb4 Kg5 52. Kg3
Re3+ 53. Kf2 Ra3 54. Kg2 Kh4 55. Kf2 g5 56. Rc4 Ra6 57. Kf3 Rf6+ 58. Ke2 Kg3
59. Ke1 Rf4 60. Rc6 Kxg4 61. Rxh6 Kg3 62. Re6 Kg2 63. Re2+ Kg1 64. Re5 g4 65.
Ke2 Kg2 66. Ke3 Rf3+ 67. Ke2 g3 68. Re8 Rf2+ 69. Ke1 Rf4 70. Re7 Kh3 71. Re8 g2
72. Rh8+ Kg3 73. Rg8+ Kf3 74. Rg7 Re4+ 75. Kd2 Rg4 0-1

[Event "FIRST SATURDAY FM JUNE 2014"]
[Site "Budapest"]
[Date "2014.06.16"]
[Round "10.3"]
[White "Di Giovanni, Vilmos"]
[Black "Darazs, Zoltan"]
[Result "0-1"]
[WhiteElo "1795"]
[BlackElo "2108"]
[PlyCount "96"]
[EventDate "2014.06.07"]

1. d4 Nf6 2. Nf3 g6 3. Bf4 Bg7 4. e3 O-O 5. h3 c5 6. c3 d5 7. Nbd2 Nc6 8. Bd3
Qb6 9. Rb1 c4 10. Bc2 Qa5 11. a3 b5 12. Qe2 Bf5 13. e4 dxe4 14. Nxe4 Nxe4 15.
Bxe4 Bxe4 16. Qxe4 Rac8 17. O-O Qd8 18. Rbd1 e6 19. Bg5 Qd5 20. Rfe1 Qxe4 21.
Rxe4 h6 22. Bh4 g5 23. Bg3 Rfd8 24. h4 Rd5 25. hxg5 hxg5 26. Rde1 Kh7 27. Ne5
Bxe5 28. Bxe5 Kg6 29. Bg3 Ne7 30. f4 Nf5 31. Kf2 g4 32. Re5 Rxe5 33. fxe5 a5
34. Bf4 b4 35. axb4 axb4 36. Rc1 bxc3 37. bxc3 Ra8 38. Rc2 Ra3 39. g3 Ne7 40.
Ke2 Nd5 41. Bd2 Kf5 42. Kf2 Ke4 43. Ke2 Ra1 44. Bc1 Ne7 45. Bf4 Rh1 46. Kd2
Rh2+ 47. Kc1 Rxc2+ 48. Kxc2 Nd5 0-1

[Event "FIRST SATURDAY FM JUNE 2014"]
[Site "Budapest"]
[Date "2014.06.16"]
[Round "10.4"]
[White "Bartha, Sandor"]
[Black "Steer, Jozsef"]
[Result "1-0"]
[WhiteElo "2048"]
[BlackElo "1893"]
[PlyCount "43"]
[EventDate "2014.06.07"]

1. c4 c6 2. g3 d5 3. cxd5 cxd5 4. Bg2 Nf6 5. Nf3 Nc6 6. O-O e6 7. d3 Be7 8. a3
O-O 9. b4 b5 10. Nc3 a6 11. Bb2 Bb7 12. d4 Qb6 13. e3 Rfc8 14. Qb3 Nd7 15. Rfd1
Qd8 16. e4 Nb6 17. exd5 exd5 18. Ne1 Nb8 19. Nd3 Rc7 20. Nc5 Nc4 21. Nxb7 Rxb7
22. Bxd5 1-0

[Event "FIRST SATURDAY FM JUNE 2014"]
[Site "Budapest"]
[Date "2014.06.16"]
[Round "10.5"]
[White "Berta, Sandor"]
[Black "Marcu, Simon"]
[Result "1-0"]
[WhiteElo "2024"]
[BlackElo "1859"]
[PlyCount "51"]
[EventDate "2014.06.07"]

1. g3 d5 2. Bg2 e5 3. c4 c6 4. cxd5 cxd5 5. d4 e4 6. Nc3 Nc6 7. Nh3 Bb4 8. O-O
Nge7 9. Nf4 Bxc3 10. bxc3 O-O 11. f3 f5 12. Rb1 g5 13. Nh3 h6 14. Nf2 Kh7 15.
Qc2 Ng6 16. fxe4 fxe4 17. Ba3 Rf7 18. Nxe4 Rxf1+ 19. Rxf1 dxe4 20. Bxe4 Be6 21.
Bxg6+ Kg7 22. Bh5 Ne7 23. Bxe7 Qxe7 24. Qg6+ Kh8 25. Qxh6+ Kg8 26. Rf6 1-0

[Event "FIRST SATURDAY FM JUNE 2014"]
[Site "Budapest"]
[Date "2014.06.17"]
[Round "11.1"]
[White "Steer, Jozsef"]
[Black "Berta, Sandor"]
[Result "1-0"]
[WhiteElo "1893"]
[BlackElo "2024"]
[PlyCount "97"]
[EventDate "2014.06.07"]

1. e4 c5 2. Nf3 Nc6 3. d4 cxd4 4. Nxd4 Nf6 5. Nc3 e5 6. Ndb5 d6 7. Bg5 a6 8.
Na3 b5 9. Nd5 Be7 10. Bxf6 Bxf6 11. c3 O-O 12. Be2 Bg5 13. O-O Be6 14. Nc2 Ne7
15. Nce3 Nxd5 16. Nxd5 f5 17. exf5 Bxf5 18. a4 bxa4 19. Rxa4 a5 20. Bg4 Bg6 21.
Bh5 Bf5 22. Bg4 Rb8 23. Bxf5 Rxf5 24. Qc2 Rf7 25. Rfa1 Rb5 26. c4 Rc5 27. g3 g6
28. Nc3 d5 29. Qe2 dxc4 30. Ne4 Rd5 31. Rxc4 Be7 32. Rac1 Qb6 33. Kg2 Rb5 34.
R1c2 Kg7 35. h4 Qb7 36. Kh2 Qb6 37. Nc3 Rb3 38. Qxe5+ Bf6 39. Qe2 Bd4 40. f4
Bg1+ 41. Kg2 Bd4 42. Nd5 Qa7 43. Nc7 Qb7+ 44. Kh2 Rb6 45. Ne6+ Rxe6 46. Qxe6
Bb6 47. Qe5+ Kh6 48. Rc6 Rf5 49. Qxf5 1-0

[Event "FIRST SATURDAY FM JUNE 2014"]
[Site "Budapest"]
[Date "2014.06.17"]
[Round "11.2"]
[White "Darazs, Zoltan"]
[Black "Bartha, Sandor"]
[Result "1/2-1/2"]
[WhiteElo "2108"]
[BlackElo "2048"]
[PlyCount "32"]
[EventDate "2014.06.07"]

1. e4 c5 2. Nf3 d6 3. d4 cxd4 4. Nxd4 Nf6 5. Nc3 a6 6. Be2 g6 7. O-O Bg7 8. Re1
O-O 9. Bf4 Nc6 10. Nxc6 bxc6 11. Qd2 Re8 12. Bh6 Bh8 13. Rad1 Qc7 14. Bf1 Rb8
15. b3 Nd7 16. Na4 c5 1/2-1/2

[Event "FIRST SATURDAY FM JUNE 2014"]
[Site "Budapest"]
[Date "2014.06.17"]
[Round "11.3"]
[White "Lukacs, Albert"]
[Black "Di Giovanni, Vilmos"]
[Result "1-0"]
[WhiteElo "1943"]
[BlackElo "1795"]
[PlyCount "67"]
[EventDate "2014.06.07"]

1. e4 d5 2. exd5 Nf6 3. d4 Nxd5 4. c4 Nf6 5. Be3 e5 6. c5 Nd5 7. Nf3 exd4 8.
Bxd4 Be6 9. Nbd2 Nd7 10. Ne4 h6 11. Rc1 c6 12. a3 N7f6 13. Nxf6+ Nxf6 14. Bc4
Bxc4 15. Rxc4 Be7 16. O-O O-O 17. Qc2 Nd5 18. Be5 Bf6 19. Bd6 Re8 20. Nd4 Qd7
21. Nf5 Re6 22. b4 Rae8 23. h3 Ne7 24. Bxe7 Bxe7 25. Rd4 Qc7 26. Qd3 Bf8 27.
Rd7 Qc8 28. Rd1 Re1+ 29. Rxe1 Rxe1+ 30. Kh2 Re8 31. g3 g6 32. Ne3 Bg7 33. Nc4
Bf6 34. Rxf7 1-0

[Event "FIRST SATURDAY FM JUNE 2014"]
[Site "Budapest"]
[Date "2014.06.17"]
[Round "11.4"]
[White "Bacsi, Andras"]
[Black "Letay, Gyula"]
[Result "0-1"]
[WhiteElo "1791"]
[BlackElo "1935"]
[PlyCount "44"]
[EventDate "2014.06.07"]

1. Nf3 d5 2. c4 e6 3. g3 c6 4. Qc2 f5 5. Bg2 Bd6 6. d4 Nf6 7. O-O O-O 8. Nbd2
Qe7 9. b3 Bd7 10. Bb2 Be8 11. Rad1 Bh5 12. Rfe1 Nbd7 13. Ne5 Ne4 14. f3 Nxd2
15. Rxd2 Nxe5 16. dxe5 Bc5+ 17. e3 f4 18. gxf4 Rxf4 19. Bd4 Qh4 20. Rf1 Bxd4
21. exd4 Rxd4 22. Rdf2 dxc4 0-1

[Event "FIRST SATURDAY FM JUNE 2014"]
[Site "Budapest"]
[Date "2014.06.17"]
[Round "11.5"]
[White "Szlenka, Attila"]
[Black "Gruz, Janos"]
[Result "1-0"]
[WhiteElo "1802"]
[BlackElo "1761"]
[PlyCount "160"]
[EventDate "2014.06.07"]

1. Nf3 Nf6 2. c4 d6 3. g3 e5 4. Nc3 c6 5. d3 Bg4 6. Bg2 Be7 7. O-O O-O 8. h3
Bh5 9. a3 Nbd7 10. b4 Qc7 11. Bd2 h6 12. Qb3 Bg6 13. Nh4 Bh7 14. e4 Kh8 15. Nf5
Bxf5 16. exf5 Nb6 17. Rac1 Qd7 18. g4 Rad8 19. Be3 d5 20. Bxb6 axb6 21. Rfe1 d4
22. Na4 Qc7 23. c5 b5 24. Nb6 Nd7 25. Nxd7 Rxd7 26. Ra1 Rdd8 27. a4 bxa4 28.
Rxa4 Ra8 29. Rea1 Rxa4 30. Qxa4 Bh4 31. b5 cxb5 32. Qxb5 Rc8 33. Rc1 Be7 34. c6
b6 35. Ra1 Kg8 36. Qa6 Rb8 37. Qa7 Bd6 38. Qxc7 Bxc7 39. Ra7 Rc8 40. Bd5 b5 41.
Rb7 Kf8 42. Rxb5 Ke7 43. Rb7 Kd6 44. Be4 Ra8 45. Rb5 Ra5 46. Rb7 Ra8 47. Kg2
Ra2 48. Kg3 Ra8 49. h4 Ra1 50. Kf3 Ra8 51. g5 hxg5 52. hxg5 Ra1 53. Kg2 Ra8 54.
Rb5 Ra5 55. Rb1 Ra7 56. Kg3 f6 57. g6 Ra8 58. Rh1 Ra7 59. Rh8 Bb6 60. Re8 Re7
61. Rb8 Kc5 62. Rf8 Kd6 63. f4 Bc7 64. Kg4 exf4 65. Kxf4 Kc5+ 66. Kf3 Bd6 67.
Ra8 Kb6 68. Ke2 Rc7 69. Rd8 Kc5 70. Kd2 Bf4+ 71. Kc2 Bd6 72. Kb2 Re7 73. Ra8
Kb6 74. Kb3 Kb5 75. Rd8 Kc5 76. Ra8 Kb5 77. Ra4 Bc5 78. Ra2 Bd6 79. Ra8 Re5 80.
Ra7 Re7 1-0